Compendio de la historia de la literatura inglesa de la Universidad de Cambridge

Salvato in:
Dettagli Bibliografici
Autore principale: Sampson, George (Autore)
Natura: Libro
Lingua:spagnolo
Pubblicazione: Ciudad de México Nueva España 1947
Serie:Atenea
Soggetti:
Tags: Aggiungi Tag
Nessun Tag, puoi essere il primo ad aggiungerne!!

MARC

LEADER 00000nam a2200000 a 4500
001 UCQ0019
003 CL-VaPUC
008 980619e19470000MX |||||||||||||||||spa|d
082 0 4 |a 820.9  |b SAM  |2 21 
100 0 |a Sampson, George  |e author  |9 413010 
245 1 0 |a Compendio de la historia de la literatura inglesa de la Universidad de Cambridge 
300 |a 3 v 
942 |c BK 
945 |d 19980619 00:00:00  |a crobeson 
260 |a Ciudad de México  |b Nueva España  |c 1947 
650 0 |a Literatura inglesa  |9 312907 
650 0 |a Crítica literaria   |9 269189 
650 0 |a Teatro inglés  |9 265744 
650 7 |a NOVELA INGLESA  |2 CL-VaPUC  |9 309260 
650 0 |a Poesía inglesa   |9 264944 
583 |a last modification  |c 19980619 00:00:00  |k Rodrigo Vera 
490 0 |a Atenea 
999 |c 271187  |d 271185 
952 |0 0  |1 0  |4 0  |6 820_900000000000000_SAM_1947  |7 0  |8 A  |9 305738  |a BIBEDU  |b BIBEDU  |d 2019-11-20  |h v.3  |i 1423371  |o 820.9 SAM 1947  |p 1423371  |r 2019-11-20  |w 2019-11-20  |y BK  |k LIT 
952 |0 0  |1 0  |4 0  |6 820_900000000000000_SAM_1947  |7 0  |8 A  |9 305739  |a BIBEDU  |b BIBEDU  |d 2019-11-20  |h v.1  |i 142338K  |o 820.9 SAM 1947  |p 142338K  |r 2019-11-20  |w 2019-11-20  |y BK  |k LIT 
952 |0 0  |1 0  |4 0  |6 820_900000000000000_SAM_1947  |7 0  |8 A  |9 305740  |a BIBEDU  |b BIBEDU  |d 2019-11-20  |h v.2  |i 1423398  |o 820.9 SAM 1947  |p 1423398  |r 2019-11-20  |w 2019-11-20  |y BK  |k LIT